000
00251nam a2200109Ia 4500
008
221009s9999 xx 000 0 und d
082
_a
302.4/GUP
100
_a
Gupta, Dipankar
_9
451
245
0
_a
Mistaken Modernity
260
_b
New Delhi
942
_c
BK
999
_c
64844
_d
64844